[Event "Commonwealth Open 2019"]
[Site "Delhi"]
[Date "2019.07.04"]
[Round "6.15"]
[White "Sa, Kannan"]
[Black "Thipsay, Praveen M"]
[Result "1/2-1/2"]
[WhiteElo "1947"]
[BlackElo "2405"]
[Annotator "NA"]
[PlyCount "112"]
[EventDate "2019.06.30"]
[EventType "swiss"]
[EventCountry "IND"]
[SourceTitle "playchess.com"]
[Source "ChessBase"]
[SourceQuality "1"]
[TimeControl "5400+30"]

1. d4 {[%emt 0:10:56]} Nf6 {[%emt 0:00:00]} 2. Nf3 {[%emt 0:00:20]} g6 {[%emt 0:00:08]} 3. Nc3 {[%emt 0:00:12]} Bg7 {[%emt 0:00:46]} 4. e4 {[%emt 0:00:26]} d6 {[%emt 0:00:07]} 5. Bf4 {[%emt 0:00:06]} O-O {[%emt 0:01:29]} 6. Qd2 {[%emt 0:00:09]} c6 {[%emt 0:02:46]} 7. Bh6 {[%emt 0:05:43]} e5 {[%emt 0:09:17]} 8. Bxg7 {[%emt 0:11:53]} Kxg7 {[%emt 0:02:27]} 9. dxe5 {[%emt 0:00:08]} dxe5 {[%emt 0:00:06]} 10. Qxd8 {[%emt 0:00:20]} Rxd8 {[%emt 0:00:08]} 11. Nxe5 $11 {[%emt 0:00:30]} Re8 {[%emt 0:00:06]} 12. f4 {[%emt 0:00:37]} Nbd7 {[%emt 0:02:18]} 13. Nxd7 {[%emt 0:11:27]} Nxe4 {[%emt 0:00:09]} 14. Nxe4 {[%emt 0:06:29]} Rxe4+ {[%emt 0:00:08]} 15. Kf2 {[%emt 0:00:15]} Bxd7 {[%emt 0:00:46]} 16. g3 {[%emt 0:00:17]} Bg4 {[%emt 0:06:14]} 17. Bd3 {[%emt 0:02:34]} Rd4 {[%emt 0:00:17]} 18. Rhe1 {[%emt 0:03:45]} c5 {[%emt 0:08:08]} 19. b3 {[%emt 0:02:34]} a6 {[%emt 0:08:47]} 20. Re5 {[%emt 0:10:25]} Rc8 {[%emt 0:01:34]} 21. Rae1 {[%emt 0:13:23]} b5 {[%emt 0:03:02]} 22. R1e4 {[%emt 0:04:47]} Rd6 {[%emt 0:11:02]} 23. a4 {[%emt 0:02:09]} Bf5 {[%emt 0:06:09]} 24. Re3 {[%emt 0:00:25]} Bd7 {[%emt 0:00:12]} 25. axb5 {[%emt 0:00:49]} axb5 {[%emt 0:00:05]} 26. Bf1 {[%emt 0:00:32]} Rd2+ {[%emt 0:07:59]} 27. Re2 {[%emt 0:00:53]} Rd4 {[%emt 0:03:40]} 28. R2e3 {[%emt 0:02:57]} Bg4 {[%emt 0:21:27]} 29. h3 {[%emt 0:05:38]} Bd7 {[%emt 0:00:26]} 30. h4 {[%emt 0:00:54]} Bg4 {[%emt 0:00:15]} 31. Be2 {[%emt 0:00:41]} Bxe2 {[%emt 0:01:48]} 32. Rxe2 {[%emt 0:00:40]} Kf8 {[%emt 0:00:56]} 33. h5 {[%emt 0:00:17]} Kg7 {[%emt 0:00:15]} 34. Kf3 {[%emt 0:00:21]} Rd1 {[%emt 0:00:59]} 35. hxg6 {[%emt 0:01:59]} hxg6 {[%emt 0:00:07]} 36. Re7 {[%emt 0:00:27]} c4 {[%emt 0:00:52]} 37. bxc4 {[%emt 0:00:27]} Rxc4 {[%emt 0:00:11]} 38. Rb7 {[%emt 0:00:16]} Rd5 {[%emt 0:00:29]} 39. Ree7 {[%emt 0:01:01]} Rc3+ {[%emt 0:00:35]} 40. Kg4 {[%emt 0:00:12]} Rf5 {[%emt 0:00:03]} 41. Re5 {[%emt 0:00:47]} Rxe5 {[%emt 0:02:41]} 42. fxe5 {[%emt 0:00:02]} Rxc2 {[%emt 0:00:15]} 43. e6 {[%emt 0:00:20]} Rf2 {[%emt 0:00:04]} 44. exf7 {[%emt 0:00:45]} Rf5 {[%emt 0:00:09]} 45. Kh3 {[%emt 0:00:30]} Rc5 {[%emt 0:00:25]} 46. Kg4 {[%emt 0:00:26]} Kf8 {[%emt 0:00:17]} 47. Kf4 {[%emt 0:00:21]} Rd5 {[%emt 0:00:19]} 48. Kg4 {[%emt 0:00:10]} Rh5 {[%emt 0:00:36]} 49. Kf4 {[%emt 0:00:14]} Rf5+ {[%emt 0:00:09]} 50. Kg4 {[%emt 0:00:15]} Kg7 {[%emt 0:00:04]} 51. Kh4 Rc5 {[%emt 0:00:58]} 52. Kg4 {[%emt 0:00:21]} Rc4+ {[%emt 0:00:21]} 53. Kg5 {[%emt 0:00:37]} Rc5+ {[%emt 0:01:29]} 54. Kg4 {[%emt 0:00:07]} Rh5 {[%emt 0:00:15]} 55. Kf4 {[%emt 0:00:08]} Rf5+ {[%emt 0:00:04]} 56. Kg4 {[%emt 0:00:05]} Rh5 {[%emt 0:00:17]} 1/2-1/2

[Event "Commonwealth Open 2019"]
[Site "Delhi"]
[Date "2019.07.04"]
[Round "6.16"]
[White "Tania, Sachdev"]
[Black "Bommini, Mounika Akshaya"]
[Result "1-0"]
[WhiteElo "2401"]
[BlackElo "2063"]
[Annotator "NA"]
[PlyCount "121"]
[EventDate "2019.06.30"]
[EventType "swiss"]
[EventCountry "IND"]
[SourceTitle "playchess.com"]
[Source "ChessBase"]
[SourceQuality "1"]
[TimeControl "5400+30"]

1. d4 {[%emt 0:06:02]} d5 {[%emt 0:00:00]} 2. c4 {[%emt 0:00:04]} c6 {[%emt 0:00:00]} 3. Nf3 {[%emt 0:00:08]} Nf6 {[%emt 0:00:14]} 4. Nc3 {[%emt 0:00:05]} dxc4 {[%emt 0:00:05]} 5. a4 {[%emt 0:00:02]} Bf5 {[%emt 0:00:16]} 6. Ne5 {[%emt 0:00:18]} Nbd7 {[%emt 0:00:09]} 7. Nxc4 {[%emt 0:00:07]} Qc7 {[%emt 0:00:10]} 8. g3 {[%emt 0:00:13]} e5 {[%emt 0:00:20]} 9. dxe5 {[%emt 0:00:07]} Nxe5 {[%emt 0:00:07]} 10. Bf4 {[%emt 0:00:09]} Nfd7 {[%emt 0:00:17]} 11. Bg2 {[%emt 0:00:22]} f6 {[%emt 0:00:20]} 12. O-O {[%emt 0:01:25]} g5 {[%emt 0:00:13]} 13. Bxe5 {[%emt 0:08:12]} Nxe5 {[%emt 0:00:14]} 14. Ne3 {[%emt 0:04:00]} Be6 {[%emt 0:00:42]} 15. a5 {[%emt 0:03:58]} a6 {[%emt 0:04:49]} 16. Qc2 {[%emt 0:05:20]} Bc5 {[%emt 0:12:26]} 17. Ne4 {[%emt 0:04:10]} Be7 {[%emt 0:01:35]} 18. Nc5 {[%emt 0:10:13]} Bxc5 {[%emt 0:09:01]} 19. Qxc5 {[%emt 0:00:03]} O-O-O {[%emt 0:01:46]} 20. Qc2 {[%emt 0:09:17]} Rd4 {[%emt 0:06:44]} 21. Be4 {[%emt 0:08:23]} Nc4 {[%emt 0:18:38]} 22. Bf5 {[%emt 0:12:59]} Qe5 {[%emt 0:00:50]} 23. Qc3 {[%emt 0:01:55]} Rhd8 {[%emt 0:06:58]} 24. Bxh7 {[%emt 0:02:25]} Nd2 {[%emt 0:06:07]} 25. Rfd1 {[%emt 0:01:42]} g4 {[%emt 0:17:23]} 26. Bd3 {[%emt 0:06:03]} Ne4 {[%emt 0:04:10]} 27. Bxe4 {[%emt 0:08:35]} Qxe4 {[%emt 0:00:15]} 28. Rxd4 {[%emt 0:00:19]} Qxd4 {[%emt 0:04:22]} 29. Rd1 {[%emt 0:03:59]} Qxc3 {[%emt 0:00:55]} 30. Rxd8+ {[%emt 0:00:05]} Kxd8 {[%emt 0:00:03]} 31. bxc3 {[%emt 0:00:02]} Kc7 {[%emt 0:01:25]} 32. f3 {[%emt 0:00:04]} gxf3 {[%emt 0:01:21]} 33. exf3 {[%emt 0:00:04]} b6 {[%emt 0:00:04]} 34. axb6+ {[%emt 0:00:27]} Kxb6 {[%emt 0:00:01]} 35. Kf2 {[%emt 0:03:02]} Kb5 {[%emt 0:00:23]} 36. Ke2 {[%emt 0:00:34]} Ka4 {[%emt 0:00:11]} 37. h4 {[%emt 0:01:39]} Kb3 {[%emt 0:00:13]} 38. h5 {[%emt 0:00:54]} a5 {[%emt 0:00:44]} 39. h6 {[%emt 0:00:11]} Bg8 {[%emt 0:00:02]} 40. Ng4 {[%emt 0:00:34]} a4 {[%emt 0:02:06]} 41. Nxf6 {[%emt 0:00:02]} Bc4+ {[%emt 0:00:09]} 42. Ke3 {[%emt 0:00:57]} a3 {[%emt 0:00:16]} 43. h7 {[%emt 0:00:02]} a2 {[%emt 0:00:06]} 44. h8=Q {[%emt 0:00:12]} a1=Q {[%emt 0:00:04]} 45. Ne4 {[%emt 0:00:55]} Qc1+ {[%emt 0:01:13]} 46. Kd4 {[%emt 0:01:11]} Qd1+ {[%emt 0:01:49]} 47. Ke5 {[%emt 0:00:08]} Kc2 {[%emt 0:01:12]} 48. Qh2+ {[%emt 0:01:13]} Kc1 {[%emt 0:00:17]} 49. Qh6+ {[%emt 0:00:38]} Kc2 {[%emt 0:00:09]} 50. Qxc6 {[%emt 0:00:13]} Bb3 {[%emt 0:01:18]} 51. f4 {[%emt 0:00:21]} Qh5+ {[%emt 0:01:06]} 52. f5 {[%emt 0:00:06]} Kb2 {[%emt 0:00:10]} 53. Qb6 {[%emt 0:00:38]} Ka1 {[%emt 0:01:16]} 54. Kf4 {[%emt 0:01:30]} Ba2 {[%emt 0:00:27]} 55. Qg1+ {[%emt 0:00:32]} Bb1 {[%emt 0:00:11]} 56. Qa7+ {[%emt 0:00:32]} Kb2 {[%emt 0:00:16]} 57. Qb6+ {[%emt 0:00:07]} Ka1 {[%emt 0:00:08]} 58. Qa5+ {[%emt 0:00:06]} Ba2 {[%emt 0:00:19]} 59. c4 {[%emt 0:00:31]} Qh8 {[%emt 0:00:00]} 60. Qd5 Qb8+ {[%emt 0:00:12]} 61. Qe5+ {[%emt 0:00:27]} 1-0

[Event "Commonwealth Open 2019"]
[Site "Delhi"]
[Date "2019.07.04"]
[Round "6.17"]
[White "Rathnakaran, K.."]
[Black "Arya, Bhakta"]
[Result "1-0"]
[WhiteElo "2338"]
[BlackElo "2050"]
[Annotator "RC"]
[PlyCount "77"]
[EventDate "2019.06.30"]
[EventType "swiss"]
[EventCountry "IND"]
[SourceTitle "playchess.com"]
[Source "ChessBase"]
[SourceQuality "1"]
[TimeControl "5400+30"]

1. e4 {[%emt 0:00:00]} c5 {[%emt 0:00:00]} 2. Nf3 {[%emt 0:00:00]} d6 {[%emt 0:00:00]} 3. c3 {[%emt 0:00:00]} Nf6 {[%emt 0:00:12]} 4. Be2 {[%emt 0:00:00]} Bd7 {[%emt 0:00:17]} 5. d3 {[%emt 0:00:01]} g6 {[%emt 0:03:36]} 6. Nbd2 {[%emt 0:00:13]} Bg7 {[%emt 0:00:40]} 7. Nf1 {[%emt 0:00:06]} Nc6 {[%emt 0:00:23]} 8. Ng3 {[%emt 0:00:09]} O-O {[%emt 0:01:37]} 9. h4 {[%emt 0:00:04]} h5 {[%emt 0:01:06]} 10. Bg5 {[%emt 0:00:06]} Qb6 {[%emt 0:01:08]} 11. Qd2 {[%emt 0:00:08]} e5 {[%emt 0:08:01]} 12. Nh2 {[%emt 0:00:58]} Be6 {[%emt 0:03:30]} 13. Bxf6 {[%emt 0:02:27]} Bxf6 {[%emt 0:00:18]} 14. Bxh5 {[%emt 0:00:06]} gxh5 {[%emt 0:20:19]} 15. Nxh5 {[%emt 0:02:49]} Bh8 {[%emt 0:03:39]} 16. Qh6 {[%emt 0:00:12]} Qc7 {[%emt 0:25:38]} 17. Nf3 {[%emt 0:00:32]} f6 {[%emt 0:01:40]} 18. Ng5 {[%emt 0:02:28]} Rfe8 {[%emt 0:18:50]} 19. Qg6+ {[%emt 0:05:32]} Kf8 {[%emt 0:00:27]} 20. Nxf6 {[%emt 0:01:20]} Qg7 {[%emt 0:03:40]} 21. Qxg7+ {[%emt 0:02:47]} Bxg7 {[%emt 0:00:11]} 22. Nxe8 {[%emt 0:00:05]} Rxe8 {[%emt 0:00:06]} 23. Nxe6+ {[%emt 0:00:06]} Rxe6 {[%emt 0:00:06]} 24. g4 {[%emt 0:00:07]} Rg6 {[%emt 0:00:42]} 25. g5 {[%emt 0:02:48]} Nd8 {[%emt 0:00:22]} 26. Ke2 {[%emt 0:00:08]} Ne6 {[%emt 0:00:22]} 27. Kf3 {[%emt 0:00:07]} Kf7 {[%emt 0:00:44]} 28. Kg4 {[%emt 0:01:04]} Bf8 {[%emt 0:00:22]} 29. b4 {[%emt 0:02:39]} Be7 {[%emt 0:00:56]} 30. bxc5 {[%emt 0:00:24]} Nxc5 {[%emt 0:00:13]} 31. Rh3 {[%emt 0:00:21]} Ne6 {[%emt 0:00:36]} 32. Rb1 {[%emt 0:00:44]} b6 {[%emt 0:00:08]} 33. d4 {[%emt 0:00:06]} Rg8 {[%emt 0:03:49]} 34. Rf3+ {[%emt 0:04:14]} Nf4 {[%emt 0:00:37]} 35. Rh1 {[%emt 0:00:35]} Kg6 {[%emt 0:00:38]} 36. Rd1 {[%emt 0:01:44]} a5 {[%emt 0:02:04]} 37. dxe5 {[%emt 0:00:09]} dxe5 {[%emt 0:00:04]} 38. Rd7 {[%emt 0:00:17]} Bc5 {[%emt 0:00:23]} 39. Rxf4 {[%emt 0:00:08]} 1-0

[Event "Commonwealth Open 2019"]
[Site "Delhi"]
[Date "2019.07.04"]
[Round "6.18"]
[White "Navalgund, Niranjan"]
[Black "Anilkumar, O.T."]
[Result "1-0"]
[WhiteElo "2326"]
[BlackElo "1989"]
[Annotator "TA"]
[PlyCount "61"]
[EventDate "2019.06.30"]
[EventType "swiss"]
[EventCountry "IND"]
[SourceTitle "playchess.com"]
[Source "ChessBase"]
[SourceQuality "1"]

{[%evp 13,71,44,77,72,79,60,68,68,77,58,136,122,115,123,125,134,143,123,129,125,130,131,107,113,131,134,133,89,92,62,60,65,111,60,272,260,262,268,262,251,263,254,252,252,295,278,323,316,357,358,350,347,402,405,495,331,574,611,1481,1487]} 1. d4 g6 2. c4 Bg7 3. Nf3 c6 4. Nc3 d6 5. e4 Bg4 6. Be2 Nd7 7. Be3 e5 8. d5 {A42: Modern Defence: Averbakh Variation} c5 9. h3 $146 ({Predecessor:} 9. Nb5 Bxf3 10. Bxf3 Qb8 11. Rb1 Bh6 12. Bxh6 Nxh6 13. Qd2 Ng8 14. Bg4 Ngf6 15. Bxd7+ Nxd7 {1-0 (41) Fishbein,A (2481)-Kretchetov,A (2246) Philadelphia 2016}) 9... Bxf3 $1 10. Bxf3 {White is slightly better.} a6 11. a3 f5 (11... h5 $14) 12. exf5 $16 gxf5 13. Bh5+ Kf8 14. Qf3 Qf6 15. g4 {Strongly threatening g5.} e4 16. Qxf5 Qxf5 17. gxf5 Ndf6 18. Bd1 Ne7 19. Bf4 Rd8 20. f3 Nh5 21. Bh2 ({But not} 21. Nxe4 $6 Nxf4 22. f6 Bxf6 $1 $15 {[%mdl 512]}) 21... e3 22. Bc2 Bd4 23. O-O-O (23. Ke2 $16) 23... Ng7 $2 ({Black should play} 23... Rg8 $14) 24. f6 $1 $18 {[%cal Rf6g7]} Bxf6 25. Ne4 {[%mdl 64] Double Attack} Ne8 26. Nxf6 Nxf6 27. Rde1 b5 {[#]} 28. b3 $1 {[%cal Bb2b3,Bb3c4][%mdl 32]} ({Much less strong is} 28. Rxe3 bxc4 29. Re6 Nexd5 $16) 28... bxc4 29. bxc4 Rg8 30. Rxe3 Rg2 31. h4 {Played: Re3-e6} 1-0

[Event "Commonwealth Open 2019"]
[Site "Delhi"]
[Date "2019.07.04"]
[Round "6.19"]
[White "Srihari L R"]
[Black "Sanjeet, Manohar"]
[Result "1/2-1/2"]
[WhiteElo "2200"]
[BlackElo "1905"]
[Annotator "NA"]
[PlyCount "132"]
[EventDate "2019.06.30"]
[EventType "swiss"]
[EventCountry "IND"]
[SourceTitle "playchess.com"]
[Source "ChessBase"]
[SourceQuality "1"]
[TimeControl "5400+30"]

1. Nf3 {[%emt 0:00:20]} Nf6 2. c4 {[%emt 0:00:11]} g6 {[%emt 0:00:03]} 3. b4 {[%emt 0:00:07]} Bg7 {[%emt 0:00:08]} 4. Bb2 {[%emt 0:00:09]} O-O {[%emt 0:00:59]} 5. g3 {[%emt 0:00:12]} d5 {[%emt 0:04:12]} 6. cxd5 {[%emt 0:01:11]} Qxd5 {[%emt 0:03:56]} 7. Nc3 {[%emt 0:06:42]} Qh5 {[%emt 0:00:51]} 8. h3 {[%emt 0:02:52]} a5 {[%emt 0:09:38]} 9. b5 {[%emt 0:11:27]} Ne4 {[%emt 0:03:32]} 10. a4 {[%emt 0:08:46]} Nxc3 {[%emt 0:04:25]} 11. Bxc3 {[%emt 0:01:14]} Bxc3 {[%emt 0:00:38]} 12. dxc3 c6 {[%emt 0:04:35]} 13. Qd4 {[%emt 0:07:32]} Be6 {[%emt 0:19:13]} 14. Rb1 {[%emt 0:19:25]} Qf5 {[%emt 0:07:06]} 15. Rb2 {[%emt 0:05:01]} cxb5 {[%emt 0:03:15]} 16. Bg2 {[%emt 0:15:57]} Nc6 {[%emt 0:06:38]} 17. Qh4 {[%emt 0:02:08]} b4 {[%emt 0:01:06]} 18. Ng5 {[%emt 0:02:04]} h5 {[%emt 0:00:31]} 19. O-O {[%emt 0:04:28]} bxc3 {[%emt 0:15:36]} 20. Rb5 {[%emt 0:02:45]} Qf6 {[%emt 0:01:19]} 21. Bxc6 {[%emt 0:02:16]} bxc6 {[%emt 0:00:15]} 22. Rc5 {[%emt 0:00:04]} Rab8 {[%emt 0:02:23]} 23. Rc1 {[%emt 0:01:44]} Rb4 {[%emt 0:01:18]} 24. e4 {[%emt 0:00:23]} Rb2 {[%emt 0:03:20]} 25. Qf4 {[%emt 0:01:20]} Qxf4 {[%emt 0:02:29]} 26. gxf4 {[%emt 0:00:02]} Rd8 {[%emt 0:00:38]} 27. Nxe6 {[%emt 0:01:35]} fxe6 {[%emt 0:00:04]} 28. R1xc3 {[%emt 0:00:03]} Rd1+ {[%emt 0:03:02]} 29. Kg2 {[%emt 0:00:06]} Rdd2 {[%emt 0:00:08]} 30. Rf3 {[%emt 0:00:24]} Rdc2 {[%emt 0:01:14]} 31. Rxa5 {[%emt 0:00:48]} c5 {[%emt 0:00:20]} 32. Ra6 {[%emt 0:00:54]} Kf7 {[%emt 0:00:25]} 33. f5 {[%emt 0:00:09]} exf5 {[%emt 0:00:57]} 34. exf5 {[%emt 0:00:05]} gxf5 {[%emt 0:01:07]} 35. Rxf5+ {[%emt 0:00:01]} Ke8 {[%emt 0:00:07]} 36. Rc6 {[%emt 0:03:19]} c4 {[%emt 0:01:07]} 37. Rf4 {[%emt 0:01:31]} c3 {[%emt 0:00:32]} 38. Rf3 {[%emt 0:00:34]} Ra2 {[%emt 0:00:47]} 39. Rc4 {[%emt 0:00:51]} Ra3 {[%emt 0:00:40]} 40. Kg3 {[%emt 0:00:18]} Rca2 {[%emt 0:00:27]} 41. Rc8+ {[%emt 0:00:25]} Kd7 {[%emt 0:00:06]} 42. Rcxc3 {[%emt 0:00:18]} Rxc3 {[%emt 0:00:10]} 43. Rxc3 {[%emt 0:00:10]} Rxa4 {[%emt 0:00:04]} 44. Rc5 {[%emt 0:00:09]} h4+ {[%emt 0:00:24]} 45. Kf3 {[%emt 0:00:06]} Ke6 {[%emt 0:00:27]} 46. Rg5 {[%emt 0:00:08]} Ra8 {[%emt 0:02:13]} 47. Kg4 {[%emt 0:00:20]} Ra4+ {[%emt 0:00:16]} 48. Kf3 {[%emt 0:00:14]} Ra8 {[%emt 0:00:27]} 49. Kg4 {[%emt 0:00:46]} Ra4+ {[%emt 0:00:15]} 50. f4 {[%emt 0:00:04]} Kf6 {[%emt 0:00:19]} 51. Rf5+ {[%emt 0:00:03]} Kg6 {[%emt 0:00:10]} 52. Re5 {[%emt 0:00:51]} Kf6 {[%emt 0:00:17]} 53. Rh5 {[%emt 0:00:04]} Kg6 {[%emt 0:00:13]} 54. Rb5 {[%emt 0:00:10]} e6 {[%emt 0:01:31]} 55. Re5 {[%emt 0:00:44]} Kf6 {[%emt 0:00:10]} 56. Kf3 {[%emt 0:00:16]} Ra3+ {[%emt 0:00:20]} 57. Kg4 {[%emt 0:00:04]} Ra4 {[%emt 0:00:03]} 58. Rg5 {[%emt 0:00:21]} Rb4 {[%emt 0:00:12]} 59. Rh5 {[%emt 0:00:06]} Kg6 {[%emt 0:00:18]} 60. Ra5 {[%emt 0:00:04]} Rc4 {[%emt 0:00:56]} 61. Ra6 {[%emt 0:00:12]} Kf6 {[%emt 0:00:06]} 62. Ra5 {[%emt 0:00:27]} Kg6 {[%emt 0:00:24]} 63. Re5 {[%emt 0:00:04]} Kf6 {[%emt 0:00:04]} 64. Re1 {[%emt 0:00:04]} Ra4 {[%emt 0:00:24]} 65. Re5 {[%emt 0:00:36]} Rb4 {[%emt 0:00:19]} 66. Rh5 {[%emt 0:00:05]} Kg6 1/2-1/2

[Event "Commonwealth Open 2019"]
[Site "Delhi"]
[Date "2019.07.04"]
[Round "6.20"]
[White "Deepak, Katiyar"]
[Black "Saurabh, Anand"]
[Result "1/2-1/2"]
[WhiteElo "2140"]
[BlackElo "2351"]
[Annotator "TA"]
[PlyCount "60"]
[EventDate "2019.06.30"]
[EventType "swiss"]
[EventCountry "IND"]
[SourceTitle "playchess.com"]
[Source "ChessBase"]
[SourceQuality "1"]

{[%evp 30,60,14,6,18,7,21,8,9,-7,37,29,42,47,49,42,45,36,87,55,90,85,105,51,185,0,101,0,168,0,138,0,189]} 1. e4 e5 2. Nf3 Nc6 3. Bb5 a6 4. Ba4 Nf6 5. O-O Be7 6. Re1 b5 7. Bb3 d6 8. c3 O-O 9. h3 Nb8 10. d4 Nbd7 11. Nbd2 {[%cal Bb1d2,Bd2f1,Bf1g3][%mdl 32]} Bb7 12. Bc2 Re8 13. Nf1 Bf8 14. Ng3 g6 15. b3 Bg7 16. d5 Rc8 {C95: Closed Ruy Lopez: Breyer Variation with 10 d4} 17. c4 c6 18. Be3 Nb6 19. Rb1 {[#]} Ba8 $146 ({Predecessor:} 19... Qc7 20. Bd3 cxd5 21. cxd5 Nbxd5 22. exd5 e4 23. Rc1 Qd7 24. Rxc8 Qxc8 25. Nxe4 Nxe4 26. Bxe4 Rxe4 {½-½ (44) Karjakin,S (2732)-Kamsky,G (2726) Baku 2008}) 20. Qe2 cxd5 21. cxd5 Nbxd5 22. exd5 Nxd5 23. Rbc1 $1 f5 (23... b4 $14) 24. Bg5 Qd7 25. Qd2 b4 26. Bh6 (26. Bd3 $16) 26... Bf6 {[#]} ({Better is} 26... Bxh6 $14 27. Qxh6 Nc3) 27. Bg5 ({White must play} 27. Bd3 $1 $18) 27... Bg7 $1 $16 28. Bh6 (28. Bd3 $16) 28... Bf6 $1 $18 {[#]} 29. Bg5 $2 (29. Bd3 $1 $18) 29... Bh8 (29... Bg7 $11) 30. Bh6 (30. Bd3 $16) 30... Bf6 {Accuracy: White = 15%, Black = 35%.} 1/2-1/2

[Event "Commonwealth Open 2019"]
[Site "Delhi"]
[Date "2019.07.04"]
[Round "6.21"]
[White "Mahindrakar Indrajeet"]
[Black "Mahalakshmi, M."]
[Result "0-1"]
[WhiteElo "2092"]
[BlackElo "2245"]
[Annotator "NA"]
[PlyCount "118"]
[EventDate "2019.06.30"]
[EventType "swiss"]
[EventCountry "IND"]
[SourceTitle "playchess.com"]
[Source "ChessBase"]
[SourceQuality "1"]
[TimeControl "5400+30"]

1. e4 {[%emt 0:00:00]} c6 {[%emt 0:00:00]} 2. c4 {[%emt 0:00:58]} d5 {[%emt 0:00:00]} 3. exd5 {[%emt 0:00:08]} cxd5 {[%emt 0:00:00]} 4. cxd5 {[%emt 0:00:00]} Nf6 {[%emt 0:00:00]} 5. Qa4+ {[%emt 0:00:20]} Nbd7 {[%emt 0:00:07]} 6. Nc3 {[%emt 0:00:13]} g6 {[%emt 0:00:05]} 7. Nf3 {[%emt 0:00:10]} Bg7 {[%emt 0:00:06]} 8. Bc4 {[%emt 0:00:09]} a6 {[%emt 0:00:05]} 9. d3 {[%emt 0:01:55]} O-O {[%emt 0:00:16]} 10. Qa3 {[%emt 0:00:09]} b6 {[%emt 0:00:13]} 11. O-O {[%emt 0:01:18]} Bb7 {[%emt 0:00:03]} 12. Re1 {[%emt 0:00:48]} Re8 {[%emt 0:00:03]} 13. Ng5 {[%emt 0:02:33]} h6 {[%emt 0:01:05]} 14. Nge4 {[%emt 0:00:31]} Rc8 {[%emt 0:01:45]} 15. Bb3 {[%emt 0:02:45]} Ne5 {[%emt 0:07:12]} 16. Rd1 {[%emt 0:38:48]} Nxd5 {[%emt 0:11:43]} 17. Nxd5 {[%emt 0:03:23]} Bxd5 {[%emt 0:06:18]} 18. Bxd5 {[%emt 0:01:07]} Qxd5 {[%emt 0:00:08]} 19. Qxa6 {[%emt 0:00:40]} Red8 {[%emt 0:06:16]} 20. Nc3 {[%emt 0:02:29]} Qd6 {[%emt 0:07:56]} 21. h3 {[%emt 0:04:56]} Qb4 {[%emt 0:09:03]} 22. Be3 {[%emt 0:19:43]} Qxb2 {[%emt 0:01:46]} 23. Nd5 {[%emt 0:01:25]} Nc6 {[%emt 0:03:31]} 24. Rab1 {[%emt 0:00:57]} Qe5 {[%emt 0:02:12]} 25. Nxb6 {[%emt 0:00:52]} Rb8 {[%emt 0:00:43]} 26. Qa4 {[%emt 0:12:06]} Qe6 {[%emt 0:05:31]} 27. d4 {[%emt 0:01:45]} Qd6 {[%emt 0:02:21]} 28. d5 {[%emt 0:00:25]} Ne5 {[%emt 0:00:44]} 29. Rb5 {[%emt 0:00:54]} h5 {[%emt 0:02:39]} 30. Rd2 {[%emt 0:02:12]} Nd7 {[%emt 0:03:12]} 31. Nxd7 {[%emt 0:00:43]} Qxd7 {[%emt 0:00:11]} 32. Rxb8 {[%emt 0:00:25]} Qxa4 {[%emt 0:00:42]} 33. Rxd8+ {[%emt 0:00:01]} Kh7 {[%emt 0:00:02]} 34. Rc8 {[%emt 0:00:52]} Qb4 {[%emt 0:01:53]} 35. Rc1 {[%emt 0:00:30]} Be5 {[%emt 0:00:38]} 36. Rcd1 {[%emt 0:00:30]} Qa3 {[%emt 0:01:00]} 37. Rc2 {[%emt 0:00:43]} Qa4 {[%emt 0:00:54]} 38. Rdc1 {[%emt 0:00:14]} Qe4 {[%emt 0:01:38]} 39. Rc4 {[%emt 0:00:57]} Qxd5 {[%emt 0:00:32]} 40. a4 {[%emt 0:00:09]} Bb2 {[%emt 0:01:14]} 41. Rc5 {[%emt 0:00:25]} Qb3 {[%emt 0:01:21]} 42. R1c4 {[%emt 0:00:53]} Ba3 {[%emt 0:01:12]} 43. Rc8 {[%emt 0:00:02]} Bd6 {[%emt 0:03:37]} 44. g4 {[%emt 0:00:02]} Qd1+ {[%emt 0:01:18]} 45. Kg2 {[%emt 0:00:01]} Qd5+ {[%emt 0:00:29]} 46. f3 {[%emt 0:01:28]} Qe5 {[%emt 0:00:43]} 47. Bf2 {[%emt 0:00:17]} Qh2+ {[%emt 0:01:30]} 48. Kf1 {[%emt 0:00:01]} Qxh3+ {[%emt 0:00:54]} 49. Ke2 {[%emt 0:00:01]} Qg2 {[%emt 0:01:10]} 50. Ke3 {[%emt 0:00:54]} g5 {[%emt 0:02:03]} 51. gxh5 {[%emt 0:01:49]} Qh2 {[%emt 0:02:01]} 52. Rg4 {[%emt 0:00:30]} f5 {[%emt 0:01:26]} 53. Rg1 {[%emt 0:00:51]} Qe5+ {[%emt 0:01:41]} 54. Kd2 {[%emt 0:00:27]} Qd5+ {[%emt 0:00:16]} 55. Kc1 {[%emt 0:00:24]} Bf4+ {[%emt 0:00:41]} 56. Kc2 {[%emt 0:00:25]} Qd2+ {[%emt 0:00:26]} 57. Kb1 {[%emt 0:00:07]} Qxf2 58. Rd1 {[%emt 0:00:02]} Qxf3 {[%emt 0:01:26]} 59. Rdd8 {[%emt 0:01:02]} Qb3+ {[%emt 0:00:07]} 0-1